| 000 | 05397cam a22014174i 4500 | ||
|---|---|---|---|
| 001 | a5403821 | ||
| 003 | PE-LiUPU | ||
| 005 | 20250813185636.0 | ||
| 005 | 20131016 | ||
| 008 | 130926s2013 sp a rb 000 0 spa | ||
| 020 | _a8436829476 | ||
| 020 | _a9788436829471 | ||
| 035 | _a(Sirsi) i9788436829471 | ||
| 035 | _a(Sirsi) i9788436829471 | ||
| 035 | _a(OCoLC)861664737 | ||
| 082 | 0 | 4 |
_a363.1 _bS17 _220 |
| 100 | 1 |
_aMoreno-Jiménez Bernardo, _eautor. |
|
| 245 | 0 | 0 |
_aSalud laboral : _briesgos laborales psicosociales y bienestar laboral / _cBernardo Moreno-Jiménez, Eva Garrosa Hernández [y otros treinta y cuatro]. |
| 264 | 1 |
_aMadrid : _bPirámide, _c2013. |
|
| 300 |
_a470 páginas : _bilustraciones ; _c24 centímetros. |
||
| 336 |
_atext _2rdacontent |
||
| 337 |
_aunmediated _2rdamedia |
||
| 338 |
_avolume _2rdacarrier |
||
| 490 | 0 | _aPsicología | |
| 504 | _aBibliografía: páginas 464-467. | ||
| 505 | 0 | _aSalud laboral -- Factores y riesgo psicosociales -- Sociología de la salud laboral -- Género y salud laboral -- Inseguridad laboral: revisión general de conceptos, antecedentes, consecuencias y moderadores -- Estrés laboral: nuevas y viejas fórmulas -- Violencia y agresión laboral -- Acoso psicológico en el trabajo -- El síndrome de quemarse en el trabajo(burnout) -- El trabajo emocional -- Trauma y trabajo: el estrés traumático secundario -- Acoso sexual -- La adicción al trabajo -- Salud mental en el trabajo: la psicología clínica laboral -- Legislación sobre riesgos psicosociales: una perspectiva española y europea -- Las organizaciones saludables -- Liderazgo y dirección positiva de personas -- Nuevas formas y desarrollos positivos del trabajo en equipo -- Resiliencia y salud laboral -- Las expectativas laborales y el significado del trabajo -- Emociones positivas laborales -- Recuperación del estrés -- La conciliación de la vida laboral y la familiar -- El engagement en el trabajo -- Estado de flujo (flow) y bienestar laboral. | |
| 526 | _aP202 | ||
| 526 | _aP201 | ||
| 526 | _aP163 | ||
| 526 | _aP162 | ||
| 526 | _aP161 | ||
| 526 | _aP160 | ||
| 526 | _aP148 | ||
| 526 | _aP147 | ||
| 526 | _aP146 | ||
| 526 | _aP145 | ||
| 526 | _aP144 | ||
| 526 | _aP143 | ||
| 526 | _aP142 | ||
| 526 | _aP141 | ||
| 526 | _aP140 | ||
| 526 | _aP139 | ||
| 526 | _aP138 | ||
| 526 | _aP137 | ||
| 526 | _aP136 | ||
| 526 | _aP135 | ||
| 526 | _aP134 | ||
| 526 | _aP133 | ||
| 526 | _aP129 | ||
| 526 | _aP128 | ||
| 526 | _aP127 | ||
| 526 | _aP120 | ||
| 526 | _aP119 | ||
| 526 | _aP118 | ||
| 526 | _aP116 | ||
| 526 | _aP115 | ||
| 526 | _aP114 | ||
| 526 | _aP110 | ||
| 526 | _aP109 | ||
| 526 | _aP108 | ||
| 526 | _aP104 | ||
| 526 | _aP103 | ||
| 526 | _aP102 | ||
| 526 | _aP99 | ||
| 526 | _aP98 | ||
| 526 | _aP97 | ||
| 526 | _aP96 | ||
| 526 | _aP95 | ||
| 526 | _aP93 | ||
| 526 | _aP90 | ||
| 526 | _aP89 | ||
| 526 | _aP88 | ||
| 526 | _aP83 | ||
| 526 | _aP82 | ||
| 526 | _aP62 | ||
| 526 | _aP59 | ||
| 526 | _aP58 | ||
| 526 | _aP57 | ||
| 526 | _aP51 | ||
| 526 | _aP49 | ||
| 526 | _aP48 | ||
| 526 | _aP47 | ||
| 526 | _aP29 | ||
| 526 | _aP24 | ||
| 526 | _aP20 | ||
| 526 | _aP19 | ||
| 526 | _aP17 | ||
| 526 | _aP15 | ||
| 526 | _aP14 | ||
| 526 | _aP12 | ||
| 526 | _aP10 | ||
| 526 | _aP09 | ||
| 526 | _aP08 | ||
| 526 | _aP07 | ||
| 526 | _aP06 | ||
| 526 | _aP05 | ||
| 526 | _aP04 | ||
| 526 | _aP01 | ||
| 541 | _g002-00000789; | ||
| 650 | o |
_aAccidentes _xprevención. |
|
| 650 | 4 | _aHigiene industrial. | |
| 650 | 4 |
_aPsicología. _95567 |
|
| 650 | 0 |
_aTrabajo _xAspectos psicológicos. |
|
| 700 | 1 |
_aGarrosa Hernandez Eva, _eautor. |
|
| 910 |
_ajck _cng |
||
| 910 |
_adbm _brri _crri _d20190108 |
||
| 942 |
_2ddc _cBOOK |
||
| 949 |
_i70510 _lCCODEBUL1 _mBUL _tLIBRO _o.STAFF. Colección General |
||
| 949 |
_i70511 _lCCODEBUL1 _mBUL _tLIBRO _o.STAFF. Colección General |
||
| 949 |
_i70512 _lCCODEBUL1 _mBUL _tLIBRO _o.STAFF. Colección General |
||
| 949 |
_a363.11 S18 2013 _wDEWEY _c1 _iFJ00026 _lCCODEBUJ1 _mBUJ _p60.30 _r0 _sY _tBOOK _u2018-06-20 _xSALUD _PP33 _0COMPRA _o.STAFF. Colección General Juliaca |
||
| 994 |
_aC0 _bPEPRU |
||
| 596 | _a1 3 | ||
| 999 |
_a363.1 S17 _wDEWEY _c56297 _i70510 _d56297 _e2018-10-28 _f2021-11-3 _g5 _lCCODEBUL1 _mBUL _n4 _p81.00 _q1 _r0 _sY _tBOOK _u2015-7-6 _xSALUD _zP33 _0COMPRA _o.STAFF. Colección Ciencias de la Salud |
||
| 999 |
_a363.1 S17 _wDEWEY _c2 _i70511 _d2017-10-25 _e2017-10-6 _f2021-11-3 _g5 _lCCODEBUL1 _mBUL _n6 _p81.00 _q1 _r0 _sY _tBOOK _u2015-7-6 _xSALUD _zP33 _0COMPRA _o.STAFF. Colección Ciencias de la Salud |
||
| 999 |
_a363.1 S17 _wDEWEY _c3 _i70512 _d2018-11-14 _e2018-11-10 _f2021-11-3 _g5 _lCCODEBUL1 _mBUL _n7 _p81.00 _q2 _r0 _sY _tBOOK _u2015-7-6 _xSALUD _zP33 _0COMPRA _o.STAFF. Colección Ciencias de la Salud |
||
| 999 |
_a363.1 S17 _wDEWEY _c4 _i79854 _f2021-11-3 _g4 _lCCODEBUL1 _mBUL _p199.00 _r0 _sY _tBOOK _u2019-1-8 _xSALUD _zP33 _0COMPRA _1FCOMPR2 _o.STAFF. Colección Ciencias de la Salud |
||
| 999 |
_a363.11 S18 2013 _wDEWEY _c1 _iFJ00026 _d2019-11-21 _e2019-11-19 _f2022-1-18 _g4 _lCCODEBUJ1 _mBUJ _n1 _p60.30 _q2 _r0 _sY _tBOOK _u2015-6-16 _xSALUD _zP33 _0COMPRA _o.STAFF. Colección General Juliaca |
||
| 980 |
_81 _gALBERTO SANCHEZ Responsable de Automatización |
||